Die Freiheit Jesu: der neuchalkedonische Enhypostasiebegriff im Horizont Neuzeitlicher Subjekt-und Personphilosophie
Guardat en:
| Autor corporatiu: | |
|---|---|
| Format: | Llibre |
| Idioma: | alemany |
| Publicat: |
Darmstadt
Verlag Friedrich Pustet
2001
|
| Edició: | 1a. ed |
| Col·lecció: | Ratio Fidei, 5
|
| Matèries: | |
| Etiquetes: |
Afegir etiqueta
Sense etiquetes, Sigues el primer a etiquetar aquest registre!
|
MARC
| LEADER | 00000cam a2200000 a 4500 | ||
|---|---|---|---|
| 001 | UCE8243 | ||
| 003 | CL-VaPUC | ||
| 008 | 150728e20010000gw |||||||||||||||||ger|d | ||
| 020 | |a 379171743X | ||
| 082 | 0 | 4 | |a 232 |b ESS |2 21 |
| 110 | 2 | |a Essen, Georg |e author |9 580980 | |
| 245 | 1 | 4 | |a Die Freiheit Jesu: der neuchalkedonische Enhypostasiebegriff im Horizont Neuzeitlicher Subjekt-und Personphilosophie |
| 250 | |a 1a. ed | ||
| 300 | |a 374 p | ||
| 942 | |c BK | ||
| 945 | |d 20150728 02:04:00 |a gsalatino | ||
| 260 | |a Darmstadt |b Verlag Friedrich Pustet |c 2001 | ||
| 600 | 0 | |a Jesús |9 313614 | |
| 650 | 0 | |a Cristología |9 315091 | |
| 650 | 0 | |a Teología cristiana |9 308336 | |
| 583 | |a last modification |c 20150728 02:04:00 |k Rodrigo Vera | ||
| 490 | 0 | |a Ratio Fidei, 5 | |
| 999 | |c 360182 |d 360180 | ||
| 952 | |0 0 |1 0 |3 erb |4 0 |6 232_000000000000000_ESS_2001 |7 0 |8 A |9 469833 |a BIBTEO |b BIBTEO |e Casale Rolle, Carlos Ignacio, -2014 |i 5185262 |o 232 ESS 2001 |p 5185262 |r 2025-01-17 |w 2019-11-23 |y BK |z Catalogado en:20150728 |k ICR | ||